|
|
|
|
| LEADER |
01044nta a2200229 i 4500 |
| 001 |
dokt1778 |
| 005 |
20191216130842.0 |
| 008 |
130419s2013 hu om 0|| eng d |
| 024 |
7 |
|
|a 10.14232/phd.1778
|2 doi
|
| 024 |
7 |
|
|a 2789698
|2 mtmt
|
| 040 |
|
|
|a SZTE Doktori Repozitórium
|b hun
|
| 041 |
|
|
|a eng
|
| 100 |
1 |
|
|a Maráz Anikó
|
| 245 |
1 |
0 |
|a New approaches in the treatment of locally advanced non-small cell lung cancer
|h [elektronikus dokumentum] /
|c Maráz Anikó
|
| 246 |
1 |
0 |
|a Újdonságok előrehaladott nem kissejtes tüdőrák komplex onkológiai kezelésében
|h [elektronikus dokumentum]
|
| 260 |
|
|
|c 2013-05-03
|
| 502 |
|
|
|a Disszertacio
|
| 650 |
|
4 |
|a klinikai orvostudományok
|
| 700 |
1 |
|
|a Hideghéty Katalin
|e ths
|
| 856 |
4 |
0 |
|u https://doktori.bibl.u-szeged.hu/id/eprint/1778/1/MarazA_tezis.pdf
|z Dokumentum-elérés
|
| 856 |
4 |
0 |
|u https://doktori.bibl.u-szeged.hu/id/eprint/1778/2/MarazA__kis%20angol%20.pdf
|z Dokumentum-elérés
|
| 856 |
4 |
0 |
|u https://doktori.bibl.u-szeged.hu/id/eprint/1778/3/MarazA_magyar_osszefogl%20.pdf
|z Dokumentum-elérés
|